[Event "DLM 2008"]
[Site "Dresden GER"]
[Date "2008.11.17"]
[Round "6"]
[White "Röhlich, Anna"]
[Black "Berger, Nadja"]
[Result "0-1"]
[Termination "normal"]
[Board "5.8"]
[WhiteElo "987"]
[BlackElo "1553"]
[WhiteTeam "Rheinland-Pfalz"]
[BlackTeam "Bayern"]
[PlyCount "44"]
[BlackFideId "24692212"]
[EventCountry "GER"]
[EventRounds "7"]
[EventType "team-swiss"]
[EventDate "2008.11.13"]

1. e4 e5 2. Nf3 Nc6 3. Bc4 Nd4 4. c3 Nxf3+ 5. Qxf3 Nf6 6. d4 d6 7. O-O c6 8.
Bg5 Be7 9. Re1 Bg4 10. Qg3 Qd7 11. Nd2 h6 12. Bxf6 Bxf6 13. Bb3 Bg5 14. Nc4 Bf4
15. Qd3 Qe7 16. Ne3 Qg5 17. Nf1 h5 18. h3 Bd7 19. Rad1 Rh6 20. Qf3 O-O-O 21.
Rd3 Rdh8 22. Red1 Bg4 0-1

[Event "DLM 2008"]
[Site "Dresden GER"]
[Date "2008.11.17"]
[Round "6"]
[White "Zhou, Syang"]
[Black "Kesten, Sebastian"]
[Result "1/2-1/2"]
[Termination "normal"]
[Board "6.1"]
[WhiteElo "2110"]
[BlackElo "2120"]
[WhiteTeam "Württemberg 2"]
[BlackTeam "Mecklenburg-Vorpommern"]
[PlyCount "106"]
[WhiteFideId "24636126"]
[BlackFideId "24616214"]
[EventCountry "GER"]
[EventRounds "7"]
[EventType "team-swiss"]
[EventDate "2008.11.13"]

1. e4 c5 2. Nf3 Nc6 3. d4 cxd4 4. Nxd4 g6 5. c4 Nf6 6. Nc3 Nxd4 7. Qxd4 d6 8.
Bg5 Bg7 9. Qd2 O-O 10. Be2 Be6 11. O-O Rc8 12. b3 a6 13. Rac1 Re8 14. Rfd1 Qc7
15. Qf4 Qa5 16. Qd2 Qc7 17. Be3 Qa5 18. Bd4 Nd7 19. Bxg7 Kxg7 20. Qb2 Qe5 21.
g3 g5 22. f3 Qf6 23. Qd2 Qg6 24. Kh1 Nc5 25. Qd4+ Qf6 26. Qe3 Kh8 27. f4 gxf4
28. gxf4 Rg8 29. f5 Bd7 30. b4 Na4 31. Nd5 Qe5 32. Qd4 Bc6 33. Qxe5+ dxe5 34.
Bf3 Rge8 35. Bh5 Nb2 36. Rg1 Nd3 37. Bxf7 Bxd5 38. cxd5 Nxc1 39. Bxe8 Nd3 40.
Bd7 Rc7 41. Be6 Nf2+ 42. Kg2 Nxe4 43. Kf3 Nf6 44. Re1 Rc3+ 45. Re3 Rxe3+ 46.
Kxe3 Kg7 47. Kd3 Ne8 48. Ke3 Kf6 49. Kf3 h5 50. Kg3 Kg5 51. Bf7 h4+ 52. Kf3 Nd6
53. Be6 b6 1/2-1/2

[Event "DLM 2008"]
[Site "Dresden GER"]
[Date "2008.11.17"]
[Round "6"]
[White "Daug, Jörn-Henning"]
[Black "Geshnizjani, Ramin Tobias"]
[Result "0-1"]
[Termination "normal"]
[Board "6.2"]
[WhiteElo "1974"]
[BlackElo "2037"]
[WhiteTeam "Mecklenburg-Vorpommern"]
[BlackTeam "Württemberg 2"]
[PlyCount "94"]
[WhiteFideId "24616974"]
[BlackFideId "24633089"]
[EventCountry "GER"]
[EventRounds "7"]
[EventType "team-swiss"]
[EventDate "2008.11.13"]

1. d4 Nf6 2. c4 c5 3. d5 b5 4. Nd2 bxc4 5. e4 c3 6. bxc3 d6 7. c4 g6 8. Ngf3
Bg7 9. Rb1 O-O 10. Bd3 e6 11. O-O exd5 12. exd5 Nbd7 13. Bb2 Ng4 14. Bxg7 Kxg7
15. Qa4 Nde5 16. Nxe5 Nxe5 17. Bc2 a5 18. f4 Ng4 19. Rbe1 Qf6 20. Nf3 Qc3 21.
Qb3 Qxb3 22. axb3 Ba6 23. h3 Nf6 24. Ra1 Nxd5 25. cxd5 Bxf1 26. Kxf1 Rfb8 27.
Ke2 Rb4 28. g3 c4 29. bxc4 Rxc4 30. Kd3 Rac8 31. Ba4 Rc3+ 32. Ke2 R8c4 33. Ra2
Re4+ 34. Kf2 Ree3 35. Bd1 Red3 36. Be2 Rxd5 37. Rb2 a4 38. Rb7 h6 39. Ra7 a3
40. g4 Rdc5 41. Nd4 Rc7 42. Ra4 Rb7 43. Nb5 Rc2 44. Nxa3 Ra2 45. Kf1 Rb3 46.
Bc4 Rbxa3 47. Rxa3 Rxa3 0-1

[Event "DLM 2008"]
[Site "Dresden GER"]
[Date "2008.11.17"]
[Round "6"]
[White "Lange, Jan-David"]
[Black "Völsgen, Georg"]
[Result "1-0"]
[Termination "normal"]
[Board "6.3"]
[WhiteElo "2117"]
[BlackElo "1929"]
[WhiteTeam "Württemberg 2"]
[BlackTeam "Mecklenburg-Vorpommern"]
[PlyCount "75"]
[WhiteFideId "24614963"]
[BlackFideId "24635901"]
[EventCountry "GER"]
[EventRounds "7"]
[EventType "team-swiss"]
[EventDate "2008.11.13"]

1. a3 e5 2. c4 g6 3. Nc3 Bg7 4. g3 d6 5. Bg2 f5 6. e3 Nf6 7. Nge2 O-O 8. O-O c6
9. d3 Nbd7 10. Qc2 Nc5 11. b4 Ne6 12. Rb1 Nh5 13. b5 Qc7 14. Qb3 f4 15. exf4
exf4 16. Nxf4 Nhxf4 17. Bxf4 Nxf4 18. gxf4 Rxf4 19. bxc6 bxc6 20. Nd5 Qf7 21.
Nxf4 Qxf4 22. c5+ d5 23. Bxd5+ Kh8 24. Qc4 Qg5+ 25. Bg2 Bh3 26. Qe4 Bxg2 27.
Qxg2 Qxc5 28. Rfc1 Qxa3 29. Qxc6 Rf8 30. Qc4 Qe7 31. Qg4 Qd6 32. Rc8 Qxd3 33.
Rbb8 Qd6 34. Ra8 Qa3 35. Qf4 Kg8 36. Qc4+ Kh8 37. Qf7 h5 38. Rxf8+ 1-0

[Event "DLM 2008"]
[Site "Dresden GER"]
[Date "2008.11.17"]
[Round "6"]
[White "Stemmler, Lysan"]
[Black "Djalalova, Nigora"]
[Result "0-1"]
[Termination "normal"]
[Board "6.4"]
[WhiteElo "1863"]
[BlackElo "1961"]
[WhiteTeam "Mecklenburg-Vorpommern"]
[BlackTeam "Württemberg 2"]
[PlyCount "92"]
[WhiteFideId "24622451"]
[BlackFideId "14202166"]
[EventCountry "GER"]
[EventRounds "7"]
[EventType "team-swiss"]
[EventDate "2008.11.13"]

1. e4 c5 2. c3 e6 3. d4 d5 4. exd5 exd5 5. Nf3 c4 6. Be2 Bd6 7. O-O Ne7 8. b3
b5 9. bxc4 bxc4 10. Ba3 O-O 11. Re1 Nbc6 12. Bxd6 Qxd6 13. Nbd2 Ng6 14. Nf1
Nce7 15. Ne3 Bd7 16. Rb1 Rab8 17. Qc2 Rxb1 18. Rxb1 Rb8 19. Nd2 Rb6 20. Rxb6
Qxb6 21. g3 f5 22. Bf3 Qd6 23. Qb1 f4 24. Ng2 Bc6 25. Qb2 Nc8 26. Bh5 Nce7 27.
a3 fxg3 28. hxg3 Nf8 29. Nf4 Nd7 30. Qb4 Qxb4 31. axb4 Nf6 32. Bf3 Kf7 33. Kf1
g5 34. Ng2 Bd7 35. Ne3 Kg6 36. Ke1 Be6 37. Nb1 h5 38. Na3 Bd7 39. b5 h4 40. Kf1
g4 41. Bh1 h3 42. f3 Nf5 43. Kf2 Nxe3 44. Kxe3 gxf3 45. Bxf3 Kg5 46. Kf2 Bg4
0-1

[Event "DLM 2008"]
[Site "Dresden GER"]
[Date "2008.11.17"]
[Round "6"]
[White "Marquardt, Patrick"]
[Black "Wolf, Christoph"]
[Result "0-1"]
[Termination "normal"]
[Board "6.5"]
[WhiteElo "1996"]
[BlackElo "1790"]
[WhiteTeam "Württemberg 2"]
[BlackTeam "Mecklenburg-Vorpommern"]
[PlyCount "56"]
[WhiteFideId "4670086"]
[BlackFideId "24650633"]
[EventCountry "GER"]
[EventRounds "7"]
[EventType "team-swiss"]
[EventDate "2008.11.13"]

1. e4 e5 2. Nf3 Nc6 3. Bc4 Nf6 4. d4 exd4 5. O-O d6 6. Nxd4 Be7 7. Nc3 O-O 8.
Bb3 Na5 9. f3 a6 10. Be3 c5 11. Nde2 c4 12. Ba4 b5 13. Bxb5 axb5 14. Nxb5 Nc6
15. a4 Ba6 16. Nec3 Bxb5 17. Nxb5 d5 18. exd5 Nxd5 19. Qe2 Nxe3 20. Qxe3 Qd5
21. Kh1 Qc5 22. Qe2 Bf6 23. c3 Rfe8 24. Qc2 Na5 25. Rfe1 Nb3 26. Rad1 g6 27.
Rxe8+ Rxe8 28. Nd6 Qxd6 0-1

[Event "DLM 2008"]
[Site "Dresden GER"]
[Date "2008.11.17"]
[Round "6"]
[White "Schreiber, Kevin"]
[Black "Gibicar, Danijel"]
[Result "0-1"]
[Termination "normal"]
[Board "6.6"]
[WhiteElo "1587"]
[BlackElo "1863"]
[WhiteTeam "Mecklenburg-Vorpommern"]
[BlackTeam "Württemberg 2"]
[PlyCount "58"]
[WhiteFideId "24655830"]
[BlackFideId "24660256"]
[EventCountry "GER"]
[EventRounds "7"]
[EventType "team-swiss"]
[EventDate "2008.11.13"]

1. d4 Nf6 2. Nf3 e6 3. Bf4 d5 4. e3 Bd6 5. Ne5 c5 6. c3 Nc6 7. Bd3 O-O 8. Nd2
Qc7 9. Ndf3 Bd7 10. h3 Rac8 11. O-O a6 12. Nxd7 Qxd7 13. Bg5 Qe7 14. g4 Rfd8
15. Bh4 g6 16. Nd2 e5 17. f4 exd4 18. exd4 Qe3+ 19. Kg2 Qxd3 20. Bxf6 Re8 21.
dxc5 Re2+ 22. Rf2 Rxf2+ 23. Kxf2 Bxc5+ 24. Kg2 Re8 25. Be5 Nxe5 26. Nb3 Qe4+
27. Kg3 Qe3+ 28. Kg2 Qf2+ 29. Kh1 Nf3 0-1

[Event "DLM 2008"]
[Site "Dresden GER"]
[Date "2008.11.17"]
[Round "6"]
[White "Schäfer, Daniela"]
[Black "Schöbel, Ulrike"]
[Result "1-0"]
[Termination "normal"]
[Board "6.7"]
[WhiteElo "1856"]
[BlackElo "1720"]
[WhiteTeam "Württemberg 2"]
[BlackTeam "Mecklenburg-Vorpommern"]
[PlyCount "59"]
[WhiteFideId "4624769"]
[EventCountry "GER"]
[EventRounds "7"]
[EventType "team-swiss"]
[EventDate "2008.11.13"]

1. e4 d5 2. exd5 Qxd5 3. Nc3 Qa5 4. d4 Nf6 5. Bd2 c6 6. Bd3 Bg4 7. Nge2 e6 8.
O-O Nbd7 9. f3 Bh5 10. Nf4 Bg6 11. Qe2 Qb6 12. Qe3 Bd6 13. Nxe6 Bxh2+ 14. Kxh2
fxe6 15. Qxe6+ Kd8 16. Qc4 Qc7+ 17. g3 Nh5 18. Ne2 Ndf6 19. Nf4 Re8 20. Rg1
Bxd3 21. Qxd3 g6 22. Qc4 Kd7 23. Nxh5 Nxh5 24. Bg5 Re6 25. d5 cxd5 26. Qxd5+
Qd6 27. Qxb7+ Qc7 28. Rad1+ Rd6 29. Rxd6+ Kxd6 30. Rd1+ 1-0

[Event "DLM 2008"]
[Site "Dresden GER"]
[Date "2008.11.17"]
[Round "6"]
[White "Wulf, Constanze"]
[Black "Bohm, Stephanie"]
[Result "0-1"]
[Termination "normal"]
[Board "6.8"]
[WhiteElo "970"]
[BlackElo "1162"]
[WhiteTeam "Mecklenburg-Vorpommern"]
[BlackTeam "Württemberg 2"]
[PlyCount "142"]
[WhiteFideId "24692379"]
[EventCountry "GER"]
[EventRounds "7"]
[EventType "team-swiss"]
[EventDate "2008.11.13"]

1. Nf3 d5 2. g3 g6 3. Bg2 Bg7 4. d3 Nf6 5. O-O O-O 6. Nc3 Bf5 7. Re1 Nc6 8. Bf4
d4 9. Nb1 Nh5 10. Bg5 Nf6 11. Qc1 e5 12. e4 Bg4 13. Qd2 Qd7 14. Bh6 Bh3 15. Bh1
Rfe8 16. Bxg7 Kxg7 17. Na3 a6 18. Nc4 b5 19. Na5 Rab8 20. Nxc6 Qxc6 21. Rac1
Qd6 22. c3 c5 23. Bg2 Bxg2 24. Kxg2 Nd7 25. Rc2 Rec8 26. Rec1 Qf8 27. cxd4 cxd4
28. Qa5 Ra8 29. b3 Rxc2 30. Rxc2 Rc8 31. Rxc8 Qxc8 32. a4 bxa4 33. bxa4 f6 34.
Ne1 Qb7 35. Nc2 Qb6 36. Qxb6 Nxb6 37. a5 Nd7 38. Nb4 Nb8 39. Kf1 f5 40. Ke2 Kf6
41. Kd2 Kg5 42. Kc2 Kg4 43. Kb3 fxe4 44. dxe4 Kf3 45. Kc4 Kxe4 46. Kc5 d3 47.
Nxd3 Kxd3 48. Kd5 Ke2 49. Kxe5 Kxf2 50. Kd6 Ke3 51. Kc7 Kd4 52. Kxb8 Kc5 53.
Kc7 Kb5 54. Kd6 Kxa5 55. Kc5 Ka4 56. Kc4 a5 57. Kc3 Ka3 58. Kc2 Ka2 59. Kc3 a4
60. Kc2 Ka1 61. Kc1 Ka2 62. Kc2 a3 63. h3 h6 64. g4 g5 65. Kc1 Kb3 66. Kb1 a2+
67. Ka1 Ka3 68. h4 gxh4 69. g5 h3 70. gxh6 h2 71. h7 h1=Q# 0-1

[Event "DLM 2008"]
[Site "Dresden GER"]
[Date "2008.11.17"]
[Round "6"]
[White "Friedrich, Ricardo"]
[Black "Kölsch, Maximilian"]
[Result "1-0"]
[Termination "normal"]
[Board "7.1"]
[WhiteElo "2051"]
[BlackElo "2156"]
[WhiteTeam "Sachsen 1"]
[BlackTeam "Schleswig-Holstein"]
[PlyCount "77"]
[WhiteFideId "24667170"]
[BlackFideId "24618462"]
[EventCountry "GER"]
[EventRounds "7"]
[EventType "team-swiss"]
[EventDate "2008.11.13"]

1. e4 c5 2. Nf3 e6 3. d4 cxd4 4. Nxd4 a6 5. Nc3 Qc7 6. Bd3 d6 7. O-O Nf6 8. Qe2
Nbd7 9. Kh1 Be7 10. f4 b5 11. a4 b4 12. Na2 d5 13. e5 Ne4 14. Be3 Bb7 15. Nc1
Ndc5 16. Ncb3 h5 17. Nxc5 Nxc5 18. Qf2 O-O-O 19. Rfd1 Rhg8 20. Nb3 d4 21. Bxd4
Rxd4 22. Qxd4 g5 23. f5 h4 24. f6 Qc6 25. Qg4 Bd8 26. Nxc5 Qxc5 27. Re1 Bc7 28.
Be4 Bd5 29. Bxd5 Qxd5 30. Rad1 Qa5 31. Qe4 Qxa4 32. Qa8+ Bb8 33. Re4 Qb5 34. b3
Kc7 35. Rc4+ Kb6 36. Ra1 a5 37. Rxa5 Qxa5 38. Rc6+ Kb5 39. Qb7+ 1-0

[Event "DLM 2008"]
[Site "Dresden GER"]
[Date "2008.11.17"]
[Round "6"]
[White "Svane, Rasmus"]
[Black "Schulz, Anja"]
[Result "1-0"]
[Termination "normal"]
[Board "7.2"]
[WhiteElo "1967"]
[BlackElo "1954"]
[WhiteTeam "Schleswig-Holstein"]
[BlackTeam "Sachsen 1"]
[PlyCount "45"]
[WhiteFideId "4657101"]
[BlackFideId "24647845"]
[EventCountry "GER"]
[EventRounds "7"]
[EventType "team-swiss"]
[EventDate "2008.11.13"]

1. e4 c5 2. Nf3 d6 3. d4 cxd4 4. Qxd4 Nc6 5. Bb5 Bd7 6. Bxc6 Bxc6 7. Nc3 Nf6 8.
Bg5 Qa5 9. O-O-O b5 10. e5 b4 11. exf6 Bxf3 12. gxf3 Qxg5+ 13. f4 Qxf6 14. Qxb4
Qf5 15. Rhe1 Kd8 16. Nd5 Qc8 17. Nxe7 Bxe7 18. Rxe7 Kxe7 19. Qxd6+ Ke8 20. Re1+
Qe6 21. Rxe6+ fxe6 22. Qxe6+ Kf8 23. c4 1-0

[Event "DLM 2008"]
[Site "Dresden GER"]
[Date "2008.11.17"]
[Round "6"]
[White "Dünzel, Jonas"]
[Black "Marx, Joschka"]
[Result "0-1"]
[Termination "normal"]
[Board "7.3"]
[WhiteElo "2007"]
[BlackElo "1978"]
[WhiteTeam "Sachsen 1"]
[BlackTeam "Schleswig-Holstein"]
[PlyCount "88"]
[WhiteFideId "24631167"]
[BlackFideId "24645869"]
[EventCountry "GER"]
[EventRounds "7"]
[EventType "team-swiss"]
[EventDate "2008.11.13"]

1. e4 c5 2. Nf3 e6 3. d4 cxd4 4. Nxd4 a6 5. Nc3 Qc7 6. Bd3 Nc6 7. Nxc6 dxc6 8.
O-O Nf6 9. Kh1 Bd6 10. f4 e5 11. f5 Bc5 12. Qe1 Ng4 13. Qg3 h5 14. Be2 Bd7 15.
Na4 Ba7 16. b4 O-O-O 17. c4 Bd4 18. Rb1 b6 19. c5 b5 20. Nb6+ Kb8 21. a4 Nf6
22. Qf3 Be8 23. axb5 cxb5 24. Bg5 Bc6 25. Bxf6 gxf6 26. Nd5 Qb7 27. Qa3 h4 28.
Bf3 h3 29. g3 Rh6 30. Qa5 Rhh8 31. Rb3 Rxd5 32. exd5 Bxd5 33. Bxd5 Qxd5+ 34.
Rbf3 Qc6 35. Qb6+ Qxb6 36. cxb6 Kb7 37. g4 Kxb6 38. Rg3 a5 39. bxa5+ Kxa5 40.
g5 fxg5 41. Rxg5 b4 42. Rg7 b3 43. Rxf7 b2 44. Rb7 Rc8 0-1

[Event "DLM 2008"]
[Site "Dresden GER"]
[Date "2008.11.17"]
[Round "6"]
[White "Powierski, Emil"]
[Black "Schätz, Christopher"]
[Result "1/2-1/2"]
[Termination "normal"]
[Board "7.4"]
[WhiteElo "1787"]
[BlackElo "2036"]
[WhiteTeam "Schleswig-Holstein"]
[BlackTeam "Sachsen 1"]
[PlyCount "70"]
[WhiteFideId "4656199"]
[BlackFideId "24623997"]
[EventCountry "GER"]
[EventRounds "7"]
[EventType "team-swiss"]
[EventDate "2008.11.13"]

1. e4 c5 2. Nf3 d6 3. d4 cxd4 4. Nxd4 Nf6 5. Nc3 Nc6 6. Bc4 e6 7. Be3 Be7 8.
Qe2 a6 9. Bb3 Qc7 10. O-O-O Bd7 11. Rhg1 b5 12. f3 Na5 13. g4 Nxb3+ 14. axb3
O-O 15. g5 Ne8 16. f4 b4 17. Nb1 e5 18. Nf5 Bxf5 19. exf5 f6 20. fxe5 dxe5 21.
g6 h6 22. Rg2 Rc8 23. Qxa6 Nd6 24. Qf1 Qc6 25. Rgd2 Qe4 26. Qd3 Qxf5 27. Qd5+
Kh8 28. Bc5 Rfd8 29. Bxb4 Qxg6 30. Qe6 Ne4 31. Bxe7 Rxc2+ 32. Rxc2 Rxd1+ 33.
Kxd1 Qg1+ 34. Ke2 Qf2+ 35. Kd3 Qd4+ 1/2-1/2

[Event "DLM 2008"]
[Site "Dresden GER"]
[Date "2008.11.17"]
[Round "6"]
[White "Nguyen Minh, Thuy"]
[Black "Franzenburg, Maria"]
[Result "1-0"]
[Termination "normal"]
[Board "7.5"]
[WhiteElo "1867"]
[BlackElo "1827"]
[WhiteTeam "Sachsen 1"]
[BlackTeam "Schleswig-Holstein"]
[PlyCount "41"]
[WhiteFideId "24672688"]
[BlackFideId "24667102"]
[EventCountry "GER"]
[EventRounds "7"]
[EventType "team-swiss"]
[EventDate "2008.11.13"]

1. e4 e6 2. d4 d5 3. Nc3 Bb4 4. exd5 exd5 5. Bd3 Nf6 6. Nge2 O-O 7. O-O Be6 8.
Bg5 Nbd7 9. Ng3 Be7 10. Qd2 c6 11. f4 Nb6 12. Rae1 Nc4 13. Qe2 Bb4 14. f5 Bc8
15. Bxc4 Bxc3 16. bxc3 dxc4 17. Qxc4 Qa5 18. Qd3 Nd7 19. c4 Qa4 20. Be7 Qxa2
21. Ra1 1-0

[Event "DLM 2008"]
[Site "Dresden GER"]
[Date "2008.11.17"]
[Round "6"]
[White "Marx, Inga"]
[Black "Peil, Christoph"]
[Result "0-1"]
[Termination "normal"]
[Board "7.6"]
[WhiteElo "1595"]
[BlackElo "1710"]
[WhiteTeam "Schleswig-Holstein"]
[BlackTeam "Sachsen 1"]
[PlyCount "100"]
[WhiteFideId "4654749"]
[BlackFideId "24651800"]
[EventCountry "GER"]
[EventRounds "7"]
[EventType "team-swiss"]
[EventDate "2008.11.13"]

1. e4 c5 2. Nf3 Nc6 3. d4 cxd4 4. Nxd4 Nf6 5. Nc3 e6 6. f3 Bb4 7. Be3 d5 8.
Nxc6 bxc6 9. e5 Nd7 10. f4 Nc5 11. Qd4 Qa5 12. a3 Bxc3+ 13. Qxc3 Qxc3+ 14. bxc3
Ne4 15. c4 Ba6 16. cxd5 Bxf1 17. Rxf1 cxd5 18. Rb1 O-O 19. Rb7 Rfc8 20. Kd1 a6
21. Rf3 g6 22. Bd4 Rc4 23. c3 Rac8 24. Rb3 a5 25. Ke1 Kg7 26. g3 a4 27. Rb4
Rxb4 28. cxb4 Rc1+ 29. Ke2 Rc2+ 30. Ke1 Rxh2 31. b5 Rc2 32. Rd3 g5 33. Kd1 Rc4
34. b6 Nc5 35. Rd2 Nb7 36. fxg5 Kg6 37. Be3 Rc3 38. Bf4 Rxa3 39. Rb2 Ra1+ 40.
Kc2 Rf1 41. Kc3 a3 42. Ra2 Na5 43. Rxa3 Rf3+ 44. Kb4 Rxa3 45. Kxa3 Nc4+ 46. Kb4
Nxb6 47. Kc5 Nc4 48. Kd4 Kf5 49. Kd3 Nxe5+ 50. Ke3 Ng6 0-1

[Event "DLM 2008"]
[Site "Dresden GER"]
[Date "2008.11.17"]
[Round "6"]
[White "Rührmund, Daniel"]
[Black "Polert, Annika"]
[Result "1-0"]
[Termination "normal"]
[Board "7.7"]
[WhiteElo "1841"]
[BlackElo "1506"]
[WhiteTeam "Sachsen 1"]
[BlackTeam "Schleswig-Holstein"]
[PlyCount "69"]
[WhiteFideId "24674583"]
[BlackFideId "24692328"]
[EventCountry "GER"]
[EventRounds "7"]
[EventType "team-swiss"]
[EventDate "2008.11.13"]

1. e4 c6 2. d4 d5 3. e5 e6 4. f4 c5 5. Nf3 Nc6 6. c3 Qb6 7. Be2 Nge7 8. a3 a5
9. a4 Nf5 10. g4 Nh6 11. h3 Bd7 12. Bb5 Nb8 13. Na3 Na6 14. Be3 Nc7 15. Bxd7+
Kxd7 16. Qd2 Qc6 17. Qc2 f6 18. f5 Nf7 19. O-O-O c4 20. Nb5 Nd8 21. Nxc7 Qxc7
22. exf6 gxf6 23. fxe6+ Nxe6 24. Qf5 Bg7 25. Qxd5+ Ke7 26. Nh4 Rad8 27. Nf5+
Kf7 28. Qf3 Rhe8 29. Rhf1 Bh8 30. Nh6+ Ke7 31. Nf5+ Kf7 32. g5 Nf8 33. Nh6+ Ke7
34. gxf6+ Bxf6 35. Ng8+ 1-0

[Event "DLM 2008"]
[Site "Dresden GER"]
[Date "2008.11.17"]
[Round "6"]
[White "Borukhson, David"]
[Black "Pührer, Anne"]
[Result "0-1"]
[Termination "normal"]
[Board "7.8"]
[WhiteElo "1202"]
[BlackElo "1282"]
[WhiteTeam "Schleswig-Holstein"]
[BlackTeam "Sachsen 1"]
[PlyCount "76"]
[BlackFideId "24692247"]
[EventCountry "GER"]
[EventRounds "7"]
[EventType "team-swiss"]
[EventDate "2008.11.13"]

1. e4 c5 2. Nf3 d6 3. d4 cxd4 4. Nxd4 Nf6 5. Nc3 g6 6. Bc4 Bg7 7. Be3 O-O 8.
O-O a6 9. Qd3 b5 10. Bb3 Bb7 11. f3 Nbd7 12. Rad1 Nc5 13. Qe2 Qc7 14. Qf2 Rfd8
15. Rd2 Rac8 16. Rfd1 Nfd7 17. Bd5 Ne5 18. b3 e6 19. Bxb7 Qxb7 20. Nde2 Qe7 21.
Bxc5 Rxc5 22. f4 Ng4 23. Qf3 Rcc8 24. h3 Nf6 25. Rd3 Rd7 26. e5 Ne8 27. exd6
Rxd6 28. Rxd6 Nxd6 29. Rd3 Nf5 30. b4 Rd8 31. Rxd8+ Qxd8 32. Qb7 Bxc3 33. Nxc3
Qd4+ 34. Kh2 Qxc3 35. Qxa6 Qg3+ 36. Kg1 Ne3 37. Qa8+ Kg7 38. Qe4 Qe1+ 0-1

[Event "DLM 2008"]
[Site "Dresden GER"]
[Date "2008.11.17"]
[Round "6"]
[White "Müller, Pascal"]
[Black "Kosovska, Olena"]
[Result "1-0"]
[Termination "normal"]
[Board "8.2"]
[WhiteElo "1991"]
[BlackElo "1954"]
[WhiteTeam "Saarland"]
[BlackTeam "Sachsen 2"]
[PlyCount "71"]
[BlackFideId "4647963"]
[EventCountry "GER"]
[EventRounds "7"]
[EventType "team-swiss"]
[EventDate "2008.11.13"]

1. e4 c5 2. c3 Nc6 3. d4 cxd4 4. cxd4 d5 5. exd5 Qxd5 6. Nf3 Bg4 7. Be2 e6 8.
O-O Nf6 9. Nc3 Qa5 10. Ne5 Nxe5 11. dxe5 Bxe2 12. Qxe2 Nd5 13. Nxd5 Qxd5 14.
Rd1 Qa5 15. Qe4 Qb4 16. Qd3 Be7 17. Qd7+ Kf8 18. a3 Qb6 19. Be3 Qxb2 20. Rab1
Qxe5 21. Rxb7 Re8 22. Rc1 Qd5 23. Qc7 e5 24. Rxa7 f6 25. Bc5 Kf7 26. Qb6 Kg6
27. Bxe7 Rb8 28. Qe3 Rb3 29. Qe2 Qd4 30. Qc2+ e4 31. Qxb3 Qxa7 32. Qg3+ Kh6 33.
Qh4+ Kg6 34. Qxe4+ Kf7 35. Qd5+ Kxe7 36. Re1+ 1-0

[Event "DLM 2008"]
[Site "Dresden GER"]
[Date "2008.11.17"]
[Round "6"]
[White "Stark, Saskia"]
[Black "Müller, Denis"]
[Result "1/2-1/2"]
[Termination "normal"]
[Board "8.3"]
[WhiteElo "1912"]
[BlackElo "1927"]
[WhiteTeam "Sachsen 2"]
[BlackTeam "Saarland"]
[PlyCount "45"]
[WhiteFideId "4601050"]
[BlackFideId "4696140"]
[EventCountry "GER"]
[EventRounds "7"]
[EventType "team-swiss"]
[EventDate "2008.11.13"]

1. e4 e6 2. d4 d5 3. Nd2 c5 4. exd5 exd5 5. Bb5+ Bd7 6. Qe2+ Be7 7. Bxd7+ Nxd7
8. dxc5 Ngf6 9. Ngf3 O-O 10. O-O Re8 11. Nb3 Nxc5 12. Nxc5 Bxc5 13. Qd3 Ne4 14.
Be3 Bxe3 15. fxe3 Qb6 16. Qd4 Qxd4 17. exd4 Rac8 18. c3 Re6 19. Ne5 f6 20. Nd3
Rd8 21. Rae1 Kf7 22. Rf5 g6 23. Rf3 1/2-1/2

[Event "DLM 2008"]
[Site "Dresden GER"]
[Date "2008.11.17"]
[Round "6"]
[White "Sonnhalter, Stella"]
[Black "Lorenz, Nicole"]
[Result "0-1"]
[Termination "normal"]
[Board "8.4"]
[WhiteElo "1607"]
[BlackElo "1811"]
[WhiteTeam "Saarland"]
[BlackTeam "Sachsen 2"]
[PlyCount "48"]
[WhiteFideId "4624815"]
[BlackFideId "24623709"]
[EventCountry "GER"]
[EventRounds "7"]
[EventType "team-swiss"]
[EventDate "2008.11.13"]

1. e4 c5 2. Nc3 Nc6 3. f4 d6 4. Nf3 g6 5. Bc4 e6 6. d3 Nge7 7. O-O Bg7 8. Qe1
O-O 9. f5 exf5 10. Qh4 b5 11. Nxb5 Rb8 12. Bh6 d5 13. exd5 Nxd5 14. Bxd5 Qxd5
15. Nc3 Qd6 16. Kh1 Rb4 17. Bxg7 Kxg7 18. Qf2 Be6 19. Rab1 Rfb8 20. b3 Nd4 21.
Na4 Nxf3 22. Qxf3 Rh4 23. g3 Rxa4 24. Kg1 Rxa2 0-1

[Event "DLM 2008"]
[Site "Dresden GER"]
[Date "2008.11.17"]
[Round "6"]
[White "Lehr, Albert"]
[Black "Schirra, Felix"]
[Result "1/2-1/2"]
[Termination "normal"]
[Board "8.5"]
[WhiteElo "1668"]
[BlackElo "1516"]
[WhiteTeam "Sachsen 2"]
[BlackTeam "Saarland"]
[PlyCount "32"]
[BlackFideId "24692662"]
[EventCountry "GER"]
[EventRounds "7"]
[EventType "team-swiss"]
[EventDate "2008.11.13"]

1. e4 c5 2. Nf3 Nc6 3. d4 cxd4 4. Nxd4 g6 5. Be3 Bg7 6. Nc3 Nf6 7. Nxc6 bxc6 8.
e5 Ng8 9. Bd4 Nh6 10. Bc4 O-O 11. O-O Nf5 12. Re1 Qc7 13. Qd3 c5 14. Nd5 Qa5
15. Bc3 Qd8 16. Ne3 d6 1/2-1/2

[Event "DLM 2008"]
[Site "Dresden GER"]
[Date "2008.11.17"]
[Round "6"]
[White "Brühan, Caren"]
[Black "Grunwald, Martin"]
[Result "0-1"]
[Termination "normal"]
[Board "8.6"]
[WhiteElo "1226"]
[BlackElo "1581"]
[WhiteTeam "Saarland"]
[BlackTeam "Sachsen 2"]
[PlyCount "68"]
[WhiteFideId "24691976"]
[BlackFideId "1270580"]
[EventCountry "GER"]
[EventRounds "7"]
[EventType "team-swiss"]
[EventDate "2008.11.13"]

1. d4 d5 2. Bf4 e6 3. e3 Bd6 4. Bxd6 Qxd6 5. c4 Nf6 6. Nc3 c6 7. c5 Qc7 8. f3
O-O 9. Bd3 Nbd7 10. a3 e5 11. b4 Re8 12. Nge2 exd4 13. exd4 Nf8 14. Qc2 Ne6 15.
O-O-O Bd7 16. g3 b6 17. Rhe1 bxc5 18. dxc5 a5 19. Qb2 axb4 20. axb4 Reb8 21.
Kc2 Nxc5 22. Ra1 Nxd3 23. Kxd3 h6 24. Rxa8 Rxa8 25. Nf4 Bf5+ 26. Kd2 Qb6 27. g4
Qd4+ 28. Kc1 Qxf4+ 29. Kd1 Qxf3+ 30. Kd2 Qf4+ 31. Kd1 Bxg4+ 32. Ne2 Bxe2+ 33.
Rxe2 Ne4 34. Rg2 Qf1+ 0-1

[Event "DLM 2008"]
[Site "Dresden GER"]
[Date "2008.11.17"]
[Round "6"]
[White "Viereck, Marten"]
[Black "Schmitt, Carsten"]
[Result "1-0"]
[Termination "normal"]
[Board "8.7"]
[WhiteElo "1353"]
[BlackElo "1383"]
[WhiteTeam "Sachsen 2"]
[BlackTeam "Saarland"]
[PlyCount "55"]
[WhiteFideId "24692190"]
[BlackFideId "24661040"]
[EventCountry "GER"]
[EventRounds "7"]
[EventType "team-swiss"]
[EventDate "2008.11.13"]

1. Nf3 d5 2. d4 Nf6 3. c4 Bf5 4. Nc3 e6 5. a3 c6 6. cxd5 exd5 7. Bg5 Be7 8. e3
Nbd7 9. Bd3 h6 10. Bxf6 Bxd3 11. Bxe7 Qxe7 12. Qxd3 Nf6 13. O-O Ne4 14. Ne5 Ng5
15. f4 Ne6 16. b4 h5 17. b5 Rc8 18. Rfc1 Nd8 19. bxc6 bxc6 20. Nxd5 Qe6 21. Nb4
Rh6 22. d5 cxd5 23. Rxc8 Qxc8 24. Qxd5 a5 25. Nbc6 Rxc6 26. Nxc6 Qxc6 27. Rd1
Qb6 28. Qd7+ 1-0